New developments in rubber production and processing : 3 Agronomical investigations in rubber (Record no. 63786)

MARC details
000 -LEADER
fixed length control field 00390nam a2200133Ia 4500
100 ## - MAIN ENTRY--AUTHOR NAME
Personal name Potti S N
245 #0 - TITLE STATEMENT
Title New developments in rubber production and processing : 3 Agronomical investigations in rubber
260 ## - PUBLICATION, DISTRIBUTION, ETC. (IMPRINT)
Name of publisher Rubber Board Bulletin
Year of publication 1983
300 ## - PHYSICAL DESCRIPTION
Number of Pages 8
650 ## - SUBJECT ADDED ENTRY--TOPICAL TERM
Topical Term Intercropping
650 ## - SUBJECT ADDED ENTRY--TOPICAL TERM
Topical Term Rubber cultivation
942 ## - ADDED ENTRY ELEMENTS (KOHA)
Koha item type Journals
Holdings
Withdrawn status Lost status Damaged status Not for loan Home library Current library Shelving location Date acquired Serial Enumeration / chronology Koha item type
      Journals RRII Library RRII Library Soils and agonomy 17/12/2021 Volume 18, Issue 4 Journals